[Event "The New Year Standard Chess Tourney"]
[Site "SchemingMind.com"]
[Date "2006.01.02"]
[Round "-"]
[White "brightnight"]
[Black "Ashmaster"]
[Result "1-0"]
[WhiteCountry "USA"]
[BlackCountry "IRL"]
[WhiteElo "1485"]
[WhiteRD "83"]
[BlackElo "1445"]
[BlackRD "64"]
[GameID "34903"]

1. e4 c5 2. Nf3 d6 3. Bc4 e6 4. O-O Nc6 5. Nc3 Be7 6. d4 cxd4 7. Nxd4 Nf6 8. Nxc6 bxc6 9. Re1 Qc7 10. Bf4 e5
11. Bg3 O-O 12. a3 Be6 13. Bxe6 fxe6 14. h3 Nh5 15. Qxh5 Qb6 16. Rab1 Bf6= 17. Qg4 Rae8 18. Ne2 d5 19. exd5 exd5 20. Nc3 Re7
21. Ne2 Rfe8 22. Nc3 Rf8 23. Bh4 Bxh4 24. Qxh4 h5 25. Re2 d4 26. Ne4
1-0

[Event "The New Year Standard Chess Tourney"]
[Site "SchemingMind.com"]
[Date "2006.01.02"]
[Round "-"]
[White "Ashmaster"]
[Black "brightnight"]
[Result "1-0"]
[WhiteCountry "IRL"]
[BlackCountry "USA"]
[WhiteElo "1445"]
[WhiteRD "64"]
[BlackElo "1485"]
[BlackRD "83"]
[GameID "34904"]

1. e4 c5 2. Nf3 g6 3. d4 Bg7 4. c4 cxd4 5. Nxd4 Nc6 6. Be3 Nf6 7. Nc3 a6 8. Be2 O-O 9. O-O d6 10. Qd2 Bg4
11. Bxg4 Nxg4 12. Nxc6 bxc6 13. Bd4 Bxd4 14. Qxd4 e5 15. Qd1 f5 16. exf5 gxf5 17. h3 Nf6 18. Qd2 e4 19. Rfd1 Rf7 20. Qg5+ Rg7
21. Qxf5 Raa7 22. Qe6+ Kh8 23. Qxd6 Rad7 24. Qxc6 Rxd1+ 25. Rxd1 Qe7 26. Qxa6 Nh5 27. Qc8+ Rg8 28. Qd7 Qg5 29. Qg4 Nf6 30. Qxg5 Rxg5
31. Rd8+ Kg7 32. b4 Kg6 33. a4 Re5 34. c5 e3 35. fxe3 Rxe3 36. Nd5 Ne4 37. Nxe3 Nc3 38. b5 Nxa4 39. c6 Nc5 40. c7 Ne6
41. c8=Q Nxd8 42. Qxd8
1-0

[Event "The New Year Standard Chess Tourney"]
[Site "SchemingMind.com"]
[Date "2006.01.02"]
[Round "-"]
[White "dvella"]
[Black "Ashmaster"]
[Result "1-0"]
[WhiteCountry "MLT"]
[BlackCountry "IRL"]
[WhiteElo "1941"]
[WhiteRD "94"]
[BlackElo "1445"]
[BlackRD "64"]
[GameID "34927"]

1. e4 c5 2. Nf3 d6 3. d4 cxd4 4. Nxd4 Nf6 5. Nc3 g6 6. Be3 Bg7 7. f3 O-O 8. Qd2 Nc6 9. Bc4 Bd7 10. O-O-O Rc8
11. Bb3 Ne5 12. h4 h5 13. Kb1 Re8 14. Nde2 a5 15. a4 b5 16. axb5 Bxb5 17. Nxb5
1-0

[Event "The New Year Standard Chess Tourney"]
[Site "SchemingMind.com"]
[Date "2006.01.02"]
[Round "-"]
[White "dvella"]
[Black "brightnight"]
[Result "1-0"]
[WhiteCountry "MLT"]
[BlackCountry "USA"]
[WhiteElo "1969"]
[WhiteRD "94"]
[BlackElo "1498"]
[BlackRD "84"]
[GameID "34928"]

1. e4 c5 2. Nf3 g6 3. d4 cxd4 4. Nxd4 Bg7 5. c4 Nc6 6. Be3 Nf6 7. Nc3 O-O 8. Be2 e5 9. Nc2 d6 10. O-O a6
11. f3 Nh5 12. Nd5 Nd4 13. Nxd4 exd4 14. Bxd4 Bxd4+ 15. Qxd4 f6 16. Rfd1 Be6 17. Nb6 Nf4 18. Bf1 Rb8 19. Qxd6 Qxd6 20. Rxd6 h5
21. Rxe6 Rbd8 22. Re7 Rd2 23. g3 Ne2+ 24. Bxe2 Rxe2 25. b3 Rd8 26. Nd5 f5 27. e5 b5 28. e6 bxc4 29. Nf6+ Kf8 30. Rf7#
1-0

[Event "The New Year Standard Chess Tourney"]
[Site "SchemingMind.com"]
[Date "2006.01.02"]
[Round "-"]
[White "Ashmaster"]
[Black "dvella"]
[Result "0-1"]
[WhiteCountry "IRL"]
[BlackCountry "MLT"]
[WhiteElo "1445"]
[WhiteRD "64"]
[BlackElo "1941"]
[BlackRD "94"]
[GameID "34929"]

1. e4 c5 2. Nf3 d6 3. d4 cxd4 4. Nxd4 Nf6 5. Nc3 g6 6. f4 Nc6 7. Nxc6 bxc6 8. e5 Nd7 9. exd6 exd6 10. Bd3 Bg7
11. Bd2 O-O 12. Qf3 Re8+ 13. Be2 Qb6 14. O-O-O Rb8 15. b3 Qc5 16. Kb1 d5 17. Rhe1 Nf6 18. Bf1 Bg4
0-1

[Event "The New Year Standard Chess Tourney"]
[Site "SchemingMind.com"]
[Date "2006.01.02"]
[Round "-"]
[White "brightnight"]
[Black "dvella"]
[Result "0-1"]
[WhiteCountry "USA"]
[BlackCountry "MLT"]
[WhiteElo "1498"]
[WhiteRD "84"]
[BlackElo "1969"]
[BlackRD "94"]
[GameID "34930"]

1. e4 c5 2. Nf3 d6 3. Bc4 Nc6 4. O-O Nf6 5. Nc3 a6 6. h3 b5 7. Be2 Bb7 8. d4 cxd4 9. Nxd4 g6 10. Be3 Bg7
11. a3 O-O 12. Bd3 Qc7 13. b4 Nxb4 14. Qd2 Nc6 15. Nxc6 Bxc6 16. Rfe1 Rac8 17. Rab1 Bb7 18. Bd4 e5 19. Be3 Qxc3 20. Qxc3 Rxc3
21. a4 Bxe4 22. Bd2 Rxd3 23. Be3 Rxe3 24. fxe3 Bxc2 25. Ra1 Bxa4 26. Rec1 Nd5 27. Kf2 Nb4 28. Rd1 Bxd1 29. Rxd1 d5 30. g4 d4
31. exd4 exd4
0-1

[Event "The New Year Standard Chess Tourney"]
[Site "SchemingMind.com"]
[Date "2006.01.04"]
[Round "-"]
[White "Otbplayer"]
[Black "Ashmaster"]
[Result "1-0"]
[WhiteCountry "ENG"]
[BlackCountry "IRL"]
[WhiteElo "1793"]
[WhiteRD "119"]
[BlackElo "1445"]
[BlackRD "64"]
[GameID "35040"]

1. d4 Nf6 2. c4 e6 3. Nc3 Bb4 4. e3 O-O 5. a3 Bxc3+ 6. bxc3 Re8 7. Nf3 b6 8. Be2 Bb7 9. O-O d5 10. Ne5 Nbd7
11. f4 Ne4 12. Bb2 Nxe5 13. fxe5 Qd7 14. Rf4 c5 15. Bd3 Ng5 16. Qh5 h6 17. h4 Nh7 18. Rg4 Kh8 19. Rf1 Rf8 20. Rgf4 f6
21. Bxh7 Kxh7 22. exf6 gxf6 23. Rxf6 Rxf6 24. Rxf6 Qg7 25. Rf7
1-0

[Event "The New Year Standard Chess Tourney"]
[Site "SchemingMind.com"]
[Date "2006.01.04"]
[Round "-"]
[White "Otbplayer"]
[Black "dvella"]
[Result "1-0"]
[WhiteCountry "ENG"]
[BlackCountry "MLT"]
[WhiteElo "1855"]
[WhiteRD "97"]
[BlackElo "1949"]
[BlackRD "87"]
[GameID "35041"]

1. d4 d5 2. c4 c6 3. cxd5 cxd5 4. Nc3 Nf6 5. Nf3 Nc6 6. Bf4 Bf5 7. a3 e6 8. e3 Bd6 9. Bxd6 Qxd6 10. Bd3 Bg6
11. Bxg6 hxg6 12. Qa4 O-O 13. O-O a6 14. Rac1 b5 15. Qd1 Rac8 16. Na2 e5 17. dxe5 Nxe5 18. Nxe5 Qxe5 19. Rc2 Rc4 20. b3 Rh4
21. g3 Rh5 22. Nb4 Qf5 23. Qe2 Ne4 24. g4 Rg5 25. f3 Qd7 26. h4 Ng3 27. Qf2 Nxf1 28. hxg5
1-0

[Event "The New Year Standard Chess Tourney"]
[Site "SchemingMind.com"]
[Date "2006.01.04"]
[Round "-"]
[White "Otbplayer"]
[Black "brightnight"]
[Result "1-0"]
[WhiteCountry "ENG"]
[BlackCountry "USA"]
[WhiteElo "1720"]
[WhiteRD "133"]
[BlackElo "1498"]
[BlackRD "84"]
[GameID "35042"]

1. d4 d5 2. c4 g6 3. cxd5 Qxd5 4. Nc3 Qd8 5. e4 Bg7 6. Nf3 Bg4 7. Bc4 Nc6 8. Bxf7+ Kf8 9. Bd5 Nxd4 10. Nxd4 Bxd1
11. Ne6+ Ke8 12. Nxd8 Bxc3+ 13. bxc3 Rxd8 14. O-O Ba4 15. Bxb7 e5 16. Be3 a5 17. f4 Rd3 18. Rae1 Rxc3 19. fxe5 Bb5 20. Rf3 c6
21. e6 Nf6 22. Rxf6 Ke7 23. Rf2 Kxe6 24. Bd4 Rb8 25. Bxc3 a4 26. Bxc6 Bxc6 27. Rf6+ Kd7 28. Rd1+ Kc7 29. Be5+
1-0

[Event "The New Year Standard Chess Tourney"]
[Site "SchemingMind.com"]
[Date "2006.01.06"]
[Round "-"]
[White "Ashmaster"]
[Black "Otbplayer"]
[Result "0-1"]
[WhiteCountry "IRL"]
[BlackCountry "ENG"]
[WhiteElo "1527"]
[WhiteRD "59"]
[BlackElo "1855"]
[BlackRD "97"]
[GameID "35043"]

1. e4 c6 2. d4 d5 3. Nc3 dxe4 4. Nxe4 Nd7 5. Nf3 Ngf6 6. Ng3 h6 7. Bd3 e6 8. c3 Bd6 9. Ne4 Nxe4 10. Bxe4 Nf6
11. Bd3 O-O 12. O-O Qc7 13. Re1 Bf4 14. Bxf4 Qxf4 15. Qc1 Qxc1 16. Raxc1 b6 17. b3 Bb7 18. Kf1 Rad8 19. Rc2= c5 20. Bb5 cxd4
21. Nxd4 Rc8 22. Rec1 Rfd8 23. Be2 Be4 24. Rd2 Nd5 25. c4 Nf4 26. g3 Nxe2 27. Kxe2 Bg6 28. Nb5 Rxd2+ 29. Kxd2 a6 30. Nd4 Rd8
31. Ke3 e5 32. Nc6 Rd3+ 33. Ke2 Rd6 34. Nb4 a5 35. Nc2 f5 36. Rd1 Bh5+ 37. f3 Bxf3+ 38. Kxf3 Rxd1 39. Ne3 Rd2 40. Nxf5 Rxa2
0-1

[Event "The New Year Standard Chess Tourney"]
[Site "SchemingMind.com"]
[Date "2006.01.05"]
[Round "-"]
[White "dvella"]
[Black "Otbplayer"]
[Result "1-0"]
[WhiteCountry "MLT"]
[BlackCountry "ENG"]
[WhiteElo "1949"]
[WhiteRD "87"]
[BlackElo "1855"]
[BlackRD "97"]
[GameID "35044"]

1. e4 c6 2. d4 d5 3. Nc3 dxe4 4. Nxe4 Nd7 5. Bc4 Ngf6 6. Ng5 e6 7. Qe2 Nb6 8. Bb3 h6 9. N5f3 Bd6 10. Ne5 O-O
11. Ngf3 c5 12. dxc5 Bxc5 13. O-O Nbd5 14. c4 Ne7 15. Rd1 Qb6 16. Nd3 Nf5 17. Nxc5 Qxc5 18. Bf4 b6 19. Be5 Nd7 20. Qe4 Nxe5
21. Qxa8 Nc6 22. Ba4 Na5 23. Qe4 Qxc4 24. Bc2 Bb7 25. Qxc4 Nxc4 26. Bxf5 exf5 27. b3 Bxf3 28. gxf3 Ne5 29. Kg2 g6 30. Rac1
1-0

[Event "The New Year Standard Chess Tourney"]
[Site "SchemingMind.com"]
[Date "2006.01.05"]
[Round "-"]
[White "brightnight"]
[Black "Otbplayer"]
[Result "0-1"]
[WhiteCountry "USA"]
[BlackCountry "ENG"]
[WhiteElo "1498"]
[WhiteRD "84"]
[BlackElo "1720"]
[BlackRD "133"]
[GameID "35045"]

1. e4 c6 2. d4 d5 3. Nc3 dxe4 4. Nxe4 Nd7 5. Bc4 Ngf6 6. Nxf6+ Nxf6 7. Nf3 h6 8. O-O e6 9. Bf4 Bd6 10. Re1 Bxf4
11. d5 cxd5 12. Bb5+ Bd7 13. Bxd7+ Qxd7 14. Nd4 O-O 15. g3 Bd6 16. b3 Bb4 17. Rf1 Bc3 18. Rb1 Bxd4 19. Qxd4 Rfc8 20. c3 Qc7
21. f3 Qxc3 22. Qa4 Qe3+ 23. Kh1 Rc2 24. Rbe1 Qd2
0-1

[Event "The New Year Standard Chess Tourney"]
[Site "SchemingMind.com"]
[Date "2006.01.05"]
[Round "-"]
[White "sherlocksridhar"]
[Black "Ashmaster"]
[Result "0-1"]
[WhiteCountry "IND"]
[BlackCountry "IRL"]
[WhiteElo "1029"]
[WhiteRD "117"]
[BlackElo "1527"]
[BlackRD "59"]
[GameID "35184"]

1. e4 c5 2. Nf3 d6 3. d4 cxd4 4. Nxd4 Nf6 5. Nc3 a6 6. f3 e5 7. Nb3 Be6 8. Be3 Be7 9. Qd2 O-O 10. O-O-O a5
11. h4 a4 12. Na1 Nc6 13. Bb5 a3
0-1

[Event "The New Year Standard Chess Tourney"]
[Site "SchemingMind.com"]
[Date "2006.01.05"]
[Round "-"]
[White "sherlocksridhar"]
[Black "dvella"]
[Result "0-1"]
[WhiteCountry "IND"]
[BlackCountry "MLT"]
[WhiteElo "1029"]
[WhiteRD "117"]
[BlackElo "1949"]
[BlackRD "87"]
[GameID "35185"]

1. e4 c5 2. Nf3 d6 3. d4 cxd4 4. Nxd4 Nf6 5. Nc3 g6 6. Be3 Bg7 7. f3 Nc6 8. Qd2 O-O 9. Bc4 Bd7 10. O-O-O Qa5
11. h4 Rfc8 12. Bf4 e5 13. Nxc6 Rxc6 14. Bd5 Nxd5 15. exd5 Rxc3
0-1

[Event "The New Year Standard Chess Tourney"]
[Site "SchemingMind.com"]
[Date "2006.01.05"]
[Round "-"]
[White "sherlocksridhar"]
[Black "brightnight"]
[Result "0-1"]
[WhiteCountry "IND"]
[BlackCountry "USA"]
[WhiteElo "1029"]
[WhiteRD "129"]
[BlackElo "1434"]
[BlackRD "92"]
[GameID "35186"]

1. e4 c5 2. Nf3 g6 3. c4 Bg7 4. d4 cxd4 5. Nxd4 Nc6 6. Nc3 Nxd4 7. Be3 Nc6 8. Be2 Nf6 9. O-O O-O 10. b3 d6
11. Qd2 Bg4 12. Rfe1 Bxe2 13. Rxe2 Ng4 14. h3 Nxe3 15. Qxe3 Nd4 16. Rd2 Ne6 17. a4 Bf6 18. b4 Rc8
0-1

[Event "The New Year Standard Chess Tourney"]
[Site "SchemingMind.com"]
[Date "2006.01.05"]
[Round "-"]
[White "sherlocksridhar"]
[Black "Otbplayer"]
[Result "0-1"]
[WhiteCountry "IND"]
[BlackCountry "ENG"]
[WhiteElo "1029"]
[WhiteRD "117"]
[BlackElo "1855"]
[BlackRD "97"]
[GameID "35187"]

1. e4 c6 2. c4 d5 3. cxd5 cxd5 4. exd5 Nf6 5. Nc3 Nxd5 6. Bc4 Nxc3 7. bxc3 e6 8. Nf3 Be7 9. h3 Nd7 10. O-O O-O
11. d4 Qc7 12. Qd3 Nb6 13. Bb3 Bd7 14. Re1 Rac8 15. Bd2 Bc6 16. Re3 Nd5 17. Re5 Nf6 18. Ng5 Bd6
0-1

[Event "The New Year Standard Chess Tourney"]
[Site "SchemingMind.com"]
[Date "2006.01.06"]
[Round "-"]
[White "Ashmaster"]
[Black "sherlocksridhar"]
[Result "1-0"]
[WhiteCountry "IRL"]
[BlackCountry "IND"]
[WhiteElo "1527"]
[WhiteRD "59"]
[BlackElo "1029"]
[BlackRD "117"]
[GameID "35188"]

1. e4 c5 2. Nf3 d6 3. d4 cxd4 4. Nxd4 Nf6 5. Nc3 a6 6. Bg5 e5 7. Nb3 h6 8. Bxf6 Qxf6 9. Nd5 Qd8 10. Qd2 Nc6
11. O-O-O Be6 12. Bc4 Ne7 13. h3 Nc6 14. f4
1-0

[Event "The New Year Standard Chess Tourney"]
[Site "SchemingMind.com"]
[Date "2006.01.05"]
[Round "-"]
[White "dvella"]
[Black "sherlocksridhar"]
[Result "1-0"]
[WhiteCountry "MLT"]
[BlackCountry "IND"]
[WhiteElo "1949"]
[WhiteRD "87"]
[BlackElo "1029"]
[BlackRD "117"]
[GameID "35189"]

1. e4 c5 2. Nf3 d6 3. d4 cxd4 4. Nxd4 Nf6 5. Nc3 a6 6. f4 Qc7 7. Nf3 e5 8. a4 Be7 9. Bd3 O-O 10. O-O Be6
11. Kh1 Nc6 12. f5
1-0

[Event "The New Year Standard Chess Tourney"]
[Site "SchemingMind.com"]
[Date "2006.01.05"]
[Round "-"]
[White "brightnight"]
[Black "sherlocksridhar"]
[Result "1-0"]
[WhiteCountry "USA"]
[BlackCountry "IND"]
[WhiteElo "1434"]
[WhiteRD "92"]
[BlackElo "1029"]
[BlackRD "129"]
[GameID "35190"]

1. e4 e5 2. Nf3 Nc6 3. Bb5 a6 4. Ba4 Nf6 5. O-O Be7 6. Bxc6 dxc6 7. Nc3 Bd6 8. Re1 O-O 9. d3 c5 10. Bg5 h6
11. Bh4 Re8 12. h3 Be7 13. Nxe5 Be6 14. b3 Bd6 15. Nf3 Bf4 16. Ne2 Bxh3 17. Nxf4 Bg4 18. Qe2
1-0

[Event "The New Year Standard Chess Tourney"]
[Site "SchemingMind.com"]
[Date "2006.01.05"]
[Round "-"]
[White "Otbplayer"]
[Black "sherlocksridhar"]
[Result "1-0"]
[WhiteCountry "ENG"]
[BlackCountry "IND"]
[WhiteElo "1855"]
[WhiteRD "97"]
[BlackElo "1029"]
[BlackRD "117"]
[GameID "35191"]

1. d4 d5 2. c4 e5 3. dxe5 d4 4. Nf3 Nc6 5. a3 Bg4 6. Nbd2 Qd7 7. b4 Be7 8. Bb2 f6 9. exf6 Nxf6 10. b5 Na5
11. Qa4 b6 12. Bxd4 Rd8 13. e3 Bd6 14. Be2 Qf5 15. h3 Bh5 16. g4 Nxg4 17. hxg4
1-0

[Event "The New Year Standard Chess Tourney"]
[Site "SchemingMind.com"]
[Date "2006.01.05"]
[Round "-"]
[White "ld31337"]
[Black "sherlocksridhar"]
[Result "1-0"]
[WhiteCountry "USA"]
[BlackCountry "IND"]
[WhiteElo "1396"]
[WhiteRD "86"]
[BlackElo "1029"]
[BlackRD "117"]
[GameID "35245"]

1. d4 d5 2. Nc3 Nf6 3. e3 Nc6 4. Bd3 e6 5. Nf3 a6 6. O-O Be7 7. Ne2 O-O 8. b3 Nb4 9. Ne5 Bd6 10. Bd2 c5
11. c4 Qc7 12. e4 Nxd3 13. Nxd3 Nxe4 14. Bf4 Bxf4 15. Nexf4 dxc4 16. bxc4 cxd4 17. Qe2
1-0

[Event "The New Year Standard Chess Tourney"]
[Site "SchemingMind.com"]
[Date "2006.01.05"]
[Round "-"]
[White "ld31337"]
[Black "Ashmaster"]
[Result "0-1"]
[WhiteCountry "USA"]
[BlackCountry "IRL"]
[WhiteElo "1396"]
[WhiteRD "86"]
[BlackElo "1527"]
[BlackRD "59"]
[GameID "35246"]

1. e4 c5 2. d3 e6 3. Nf3 Nc6 4. Be3 d6 5. c4 Nf6 6. Nc3 Be7 7. d4 cxd4 8. Nxd4 Nxd4 9. Bxd4 O-O 10. Be2 b6
11. b4 Bb7 12. f3 Rc8 13. O-O Qd7 14. Qa4 Qxa4 15. Nxa4 Ba6 16. Nb2 Rc7 17. Rac1 Rfc8 18. Be3 d5 19. exd5 exd5 20. b5 Bb7
21. Bf4 Rd7 22. cxd5 Rxc1 23. Rxc1 Nxd5 24. Rd1 Rd8 25. Bg3 Nc3 26. Rxd8+ Bxd8 27. Bc4 Nd5 28. a4 Nb4 29. Bd6 Bf6 30. g4 Bxb2
31. Bxb4 Be5 32. Bd2 Bc7 33. f4 Bc8 34. f5 g6 35. fxg6 hxg6 36. h3 Kg7 37. Kg2 Kf6 38. g5+ Kg7 39. Bc3+ Kg8 40. h4 Kf8
41. Kf3 Ke7 42. Ke4 Be6 43. Kd4 Bxc4 44. Kxc4 Bg3 45. Kd5 Bxh4 46. Kc6 Bxg5 47. Kb7 Be3 48. Kxa7 f5 49. Ka6 f4 50. a5 f3
51. axb6 Bxb6 52. Kxb6 f2 53. Kc6 f1=Q 54. b6 Qc4+
0-1

[Event "The New Year Standard Chess Tourney"]
[Site "SchemingMind.com"]
[Date "2006.01.05"]
[Round "-"]
[White "ld31337"]
[Black "dvella"]
[Result "0-1"]
[WhiteCountry "USA"]
[BlackCountry "MLT"]
[WhiteElo "1307"]
[WhiteRD "98"]
[BlackElo "1969"]
[BlackRD "94"]
[GameID "35247"]

1. e4 c5 2. d3 Nc6 3. Be3 d6 4. Nf3 g6 5. Nc3 Bg7 6. Be2 Bg4 7. h3 Bxf3 8. Bxf3 e6 9. O-O Nge7 10. a3 O-O
11. Qd2 Nd4 12. Bd1 d5 13. Bxd4 cxd4 14. Nb5 dxe4 15. dxe4 a6 16. Nxd4 Qxd4 17. Qxd4 Bxd4 18. c3 Ba7 19. b4 b5 20. a4 bxa4
21. Rxa4 Rfc8 22. Rxa6 Bxf2+ 23. Rxf2 Rxa6 24. b5 Ra1 25. Rf1 Rxc3 26. b6 Rcc1 27. Be2 Rxf1+ 28. Bxf1 Rb1 29. g4 Rxb6 30. g5 Rb1
31. e5 Nc6 32. h4 Nxe5 33. h5 Nf3+ 34. Kh1 Rxf1+ 35. Kg2 Nd2 36. Kg3 e5 37. Kh4 Rg1
0-1

[Event "The New Year Standard Chess Tourney"]
[Site "SchemingMind.com"]
[Date "2006.01.05"]
[Round "-"]
[White "ld31337"]
[Black "brightnight"]
[Result "0-1"]
[WhiteCountry "USA"]
[BlackCountry "USA"]
[WhiteElo "1307"]
[WhiteRD "98"]
[BlackElo "1498"]
[BlackRD "84"]
[GameID "35248"]

1. d4 d5 2. Nc3 Nf6 3. Nxd5 Nxd5 4. e3 e6 5. Nf3 Be7 6. Bc4 Nf6 7. O-O O-O 8. Bd2 a6 9. Bd3 Nc6 10. Ng5 h6
11. Nf3 Re8 12. e4 Nxd4 13. c3 Nxf3+ 14. Qxf3 c6 15. Rad1 e5 16. h3 b5 17. Qg3 Nh5 18. Qf3 Be6 19. Qxh5 Qxd3 20. Bxh6 Qxe4
21. Be3 Bd5 22. f3 Qxe3+ 23. Rf2 Bxa2 24. Qf5 Bc5 25. Rf1 Qd2 26. Qe4 Bc4 27. Qe1 Bxf2+ 28. Qxf2 Qxf2+ 29. Rxf2 Rad8 30. f4 Rd1+
31. Kh2 exf4 32. Rxf4 Ree1 33. Rg4 g6 34. b4 Rc1 35. h4 Rxc3 36. h5 Rb3 37. g3 Re2+ 38. Kh3 Be6 39. hxg6 Rxb4 40. gxf7+ Kxf7
41. Kh4 Rxg4+ 42. Kh3 Rd4+ 43. g4 c5
0-1

[Event "The New Year Standard Chess Tourney"]
[Site "SchemingMind.com"]
[Date "2006.01.05"]
[Round "-"]
[White "ld31337"]
[Black "Otbplayer"]
[Result "0-1"]
[WhiteCountry "USA"]
[BlackCountry "ENG"]
[WhiteElo "1307"]
[WhiteRD "98"]
[BlackElo "1720"]
[BlackRD "133"]
[GameID "35249"]

1. d4 Nf6 2. Nf3 d5 3. Nc3 c6 4. e3 Bg4 5. Bd3 e6 6. O-O Bd6 7. h3 Bh5 8. Qe1 Bxf3 9. gxf3 Nh5 10. e4 dxe4
11. Bxe4 Qh4 12. Qe3 Bf4 13. Qe2 Qxh3 14. Bxf4 Nxf4
0-1

[Event "The New Year Standard Chess Tourney"]
[Site "SchemingMind.com"]
[Date "2006.01.06"]
[Round "-"]
[White "sherlocksridhar"]
[Black "ld31337"]
[Result "0-1"]
[WhiteCountry "IND"]
[BlackCountry "USA"]
[WhiteElo "1029"]
[WhiteRD "117"]
[BlackElo "1396"]
[BlackRD "86"]
[GameID "35250"]

1. e4 e5 2. Nf3 Nc6 3. Bb5 a6 4. Ba4 Nf6 5. O-O Nxe4 6. d4 d6 7. Qe2 Be7 8. Qxe4 O-O 9. Bb3 Kh8 10. Nc3 f5
11. Qe2 exd4 12. Nd5 Re8 13. c3 Na5 14. Nxd4 Nxb3 15. axb3 c5 16. Ne6 Qd7
0-1

[Event "The New Year Standard Chess Tourney"]
[Site "SchemingMind.com"]
[Date "2006.01.06"]
[Round "-"]
[White "Ashmaster"]
[Black "ld31337"]
[Result "1/2-1/2"]
[WhiteCountry "IRL"]
[BlackCountry "USA"]
[WhiteElo "1527"]
[WhiteRD "59"]
[BlackElo "1396"]
[BlackRD "86"]
[GameID "35251"]

1. e4 e5 2. Nf3 Nc6 3. Bb5 Nd4 4. Nxd4 exd4 5. O-O c6 6. Bc4 Nf6 7. Re1 Be7 8. c3 c5 9. cxd4 cxd4 10. b3 O-O
11. Bb2 d5 12. exd5 Bc5 13. Qf3 Re8 14. Kf1 b6 15. Rxe8+ Qxe8 16. d6 Rb8 17. d3 Bg4 18. d7 Bxd7 19. Qd1 Bg4 20. Qe1 Bb4
21. Qxe8+ Rxe8 22. Na3 Re2 23. Bxd4 Bxa3 24. f3 Bxf3 25. gxf3 Rxh2 26. Bxf6 gxf6 27. Re1 Rxa2 28. Re8+ Bf8 29. Re4 a6 30. Rf4 Be7
31. Bd5 b5 32. Bb7 Ra3 33. Re4 Kf8 34. Ke2 Rxb3 35. Bxa6 Bc5 36. Rf4 Rb2+ 37. Kd1 b4 38. Rxf6 b3 39. Rc6 Be3 40. Rc3 h5
41. Bc4 h4 42. Rxb3 Rd2+ 43. Ke1 h3 44. Rb8+ Kg7 45. Rb5 Kg6 46. Bxf7+ Kxf7 47. Rh5 h2 48. Kf1 Kg6 49. Rh3 Kf5 50. Rh5+ Kf4
51. Rh3 Bg1 52. Rh4+ Kxf3 53. Rh3+ Kg4 54. Rh8 Rxd3 55. Kg2 Rd2+ 56. Kh1 Kg3 57. Rg8+ Kf2 58. Rf8+ Ke2 59. Re8+ Kd1 60. Re1+ Kc2
61. Rc1+= Kd3 62. Rc3+= Kd4 63. Rc2= Kd3 64. Rc3+= Ke2 65. Rc4= Rd1 66. Re4+= Kd3 67. Rg4 Be3+ 68. Kxh2 Bf2 69. Rg2 Ke3 70. Kh3= Rd4
71. Rg4 Kf3 72. Rxd4 Bxd4=
1/2-1/2

[Event "The New Year Standard Chess Tourney"]
[Site "SchemingMind.com"]
[Date "2006.01.06"]
[Round "-"]
[White "dvella"]
[Black "ld31337"]
[Result "1-0"]
[WhiteCountry "MLT"]
[BlackCountry "USA"]
[WhiteElo "1969"]
[WhiteRD "94"]
[BlackElo "1307"]
[BlackRD "98"]
[GameID "35252"]

1. e4 e5 2. Nf3 Nc6 3. Bb5 Nf6 4. O-O Bc5 5. d3 O-O 6. Bxc6 dxc6 7. Nxe5 Qe8 8. Nf3 Be6 9. Nc3 Rd8 10. Bf4 Qd7
11. Ne5 Qe7 12. Bg3 Bd6 13. Qe2 Bh3 14. Nc4 Bg4 15. f3 Be6 16. Nxd6 cxd6 17. Rae1 d5 18. exd5 cxd5 19. Kh1 Rfe8 20. a3 d4
21. Nb5 Qc5 22. Nc7 Re7 23. Nxe6 Rxe6 24. Qd2 h6 25. Rxe6 fxe6 26. Re1 Re8 27. Re2 Nh5 28. Bf2 e5 29. c3 Qd5 30. cxd4 exd4
31. Rxe8+ Kh7 32. Qe2 Nf6 33. Re4 g5 34. Rxd4 Qa2 35. g3 h5 36. Rd6 Qf7 37. Qe6
1-0

[Event "The New Year Standard Chess Tourney"]
[Site "SchemingMind.com"]
[Date "2006.01.05"]
[Round "-"]
[White "brightnight"]
[Black "ld31337"]
[Result "0-1"]
[WhiteCountry "USA"]
[BlackCountry "USA"]
[WhiteElo "1498"]
[WhiteRD "84"]
[BlackElo "1307"]
[BlackRD "98"]
[GameID "35253"]

1. e4 e5 2. Nf3 Nc6 3. Bb5 d6 4. O-O Nf6 5. h3 Be7 6. Re1 O-O 7. Bxc6 bxc6 8. Nc3 d5 9. d4 dxe4 10. Nxe5 c5
11. Nxe4 cxd4 12. Nc6 Qd7 13. Ne5 Qf5 14. Nxf6+ Bxf6 15. Nc6 Bb7 16. Nxd4 Qg6 17. Nf3 h6 18. Bf4 Rad8 19. Qe2 Rfe8 20. Qf1 Bxf3
21. Bg3 Bc6 22. Rxe8+ Rxe8 23. c3 h5 24. Bxc7 Be5 25. Bxe5 Rxe5 26. b3 Rg5 27. g3 Rxg3+ 28. fxg3 Qxg3+
0-1

[Event "The New Year Standard Chess Tourney"]
[Site "SchemingMind.com"]
[Date "2006.01.05"]
[Round "-"]
[White "Otbplayer"]
[Black "ld31337"]
[Result "1-0"]
[WhiteCountry "ENG"]
[BlackCountry "USA"]
[WhiteElo "1720"]
[WhiteRD "133"]
[BlackElo "1307"]
[BlackRD "98"]
[GameID "35254"]

1. d4 d5 2. c4 c6 3. cxd5 cxd5 4. Nc3 Nf6 5. Nf3 e6 6. Bg5 Bb4 7. a3 Bxc3+ 8. bxc3 O-O 9. e3 Qa5 10. Qc2 Bd7
11. Bxf6 gxf6 12. Bd3 Ba4 13. Qd2 b6 14. O-O Nd7 15. Bc2 e5 16. Bxa4 Qxa4 17. dxe5 fxe5 18. Qxd5 Nc5 19. Qxe5 Nd3 20. Qh5 Rfc8
21. Ng5 Rc7 22. Qxh7+ Kf8 23. Qh8+ Ke7 24. Qxa8 Qe8 25. Qe4+ Kf6 26. Qxe8
1-0

[Event "The New Year Standard Chess Tourney"]
[Site "SchemingMind.com"]
[Date "2006.01.08"]
[Round "-"]
[White "sythymesnos"]
[Black "sherlocksridhar"]
[Result "1-0"]
[WhiteCountry "FRA"]
[BlackCountry "IND"]
[WhiteElo "1835"]
[WhiteRD "60"]
[BlackElo "1029"]
[BlackRD "117"]
[GameID "35469"]

1. e4 c5 2. Nf3 d6 3. d4 cxd4 4. Nxd4 Nf6 5. Nc3 g6 6. f3 Bg7 7. Bc4 O-O 8. Bb3 e6 9. Be3 Na6 10. Ndb5 Nh5
11. Nxd6 Be5 12. Nxc8 Qxc8 13. O-O Qc7 14. Nb5
1-0

[Event "The New Year Standard Chess Tourney"]
[Site "SchemingMind.com"]
[Date "2006.01.08"]
[Round "-"]
[White "sythymesnos"]
[Black "Ashmaster"]
[Result "1-0"]
[WhiteCountry "FRA"]
[BlackCountry "IRL"]
[WhiteElo "1835"]
[WhiteRD "60"]
[BlackElo "1527"]
[BlackRD "59"]
[GameID "35470"]

1. e4 c5 2. Nf3 d6 3. d4 cxd4 4. Nxd4 Nf6 5. Nc3 a6 6. Bg5 Nbd7 7. f4 Qc7 8. Qf3 e6 9. O-O-O Be7 10. g4 b5
11. Bg2 Bb7 12. Bxf6 Bxf6 13. g5 Be7 14. h4 e5 15. Nf5 Qd8 16. Nxg7+ Kf8 17. f5 Bxg5+ 18. hxg5 Qxg5+ 19. Kb1 Qxg7 20. Rxd6 Nf6
21. Rb6 Bc8 22. Nd5 Nxd5 23. exd5 f6 24. d6 Ra7 25. Qc6 Qd7 26. Rb8
1-0